| 000 | 00553nam a2200217 a 4500 | ||
|---|---|---|---|
| 001 | 455346 | ||
| 005 | 20180123034138.0 | ||
| 008 | 830204s1983 ilua j d 000 0 eng | ||
| 010 | _a 82217508 | ||
| 020 | _a0673123820 | ||
| 040 |
_aDLC _cDLC _dDLC |
||
| 041 | _aeng | ||
| 042 | _alcac | ||
| 080 | _a423 THOR | ||
| 082 | 0 | 0 |
_a423 THOR _219 |
| 100 | _a23 | ||
| 101 | _aFJA | ||
| 245 | 0 | 0 |
_aScott, Foresman advanced dictionary / _cby E.L. Thorndike, Clarence L. Barnhart. |
| 906 |
_a7 _bcbc _corignew _d2 _encip _f19 _gy-gencatlg |
||
| 942 |
_2ddc _cBK |
||
| 999 |
_c40709 _d40709 |
||